| 000 | 00423pab a2200169 454500 | ||
|---|---|---|---|
| 008 | 180718b1995 xxu||||| |||| 00| 0 eng d | ||
| 100 | _aReddy, K. Sreenivas | ||
| 245 | _aMicro irrigation for water scarce-areas | ||
| 260 | _c1995 | ||
| 300 | _ap.39-42 | ||
| 362 | _aJun | ||
| 650 | _aTrickle irrigation - India | ||
| 650 | _aIrrigation - India | ||
| 700 | _aReddy, G. Prabhakar | ||
| 773 | _aYojana | ||
| 909 | _a29094 | ||
| 999 |
_c29094 _d29094 |
||